000 03394cam a2200601 i 4500
999 _c200002144
_d29309
001 200002144
003 TR-AnTOB
005 20230817115511.0
007 ta
008 101015s2005 tu 000 0 tur d
010 _a2007460799
020 _a975628515X
020 _z9756285150
020 _a9789756285152
035 _a(OCoLC)ocm71757611
035 _a(OCoLC)71757611
035 _a(TR-AnTOB)200002144
040 _aCGU
_beng
_erda
_cCGU
_dDLC
_dTR-AnTOB
041 0 _atur
042 _apcc
_alcode
043 _ae------
_aa-tu---
_an-us---
050 0 0 _aUA646
_b.C655 2005
090 _aUA646
_b.C655 2005
100 1 _aÇomak, Hasret,
_d1956-
_eauthor
_977746
245 1 0 _aAvrupa’da yeni güvenlik anlayışları ve Türkiye :
_bsoğuk savaş sonrası Avrupa’da güvenlik yapılanması sorunları /
_cHasret Çomak.
246 3 0 _aSoğuk savaş sonrası Avrupa’da güvenlik yapılanması sorunları
250 _aİlk Basım
264 1 _aİstanbul :
_bTasam Yayınları,
_c2005.
300 _a110 pages ;
_c22 cm.
336 _atext
_btxt
_2rdacontent
337 _aunmediated
_bn
_2rdamedia
338 _avolume
_bnc
_2rdacarrier
490 0 _aTasam Yayınları.
_aAvrupa Birliği ;
_v5
504 _aIncludes bibliographical references (pages [109]-110).
520 _aGünümüzde güvenlik konsepti yeniden ele alınmaya başlanmıştır. Ülke topraklarının savunulması ve ülkenin bekasının sağlanmasına yönelik askeri faaliyetlerin kapsamı genişletilmiştir. Bu kapsamda; mevcut askeri boyutun yanı sıra siyasi, ekonomik, sosyal ve teknolojik boyutlar önem kazanmıştır. Gelecekteki yeni güvenlik ortamı ülkelerin küresel terörizm ile mücadele etme, demokratikleşme ve ekonomik kalkınmalarını gerçekleştirmelerine bağlı olacaktır. Ülkeler bunları gerçekleştirdiği oranda dünyadaki barışın sürekliliği sağlanabilecektir. Elinizdeki bu kitap, uluslararası sistemde yeni güvenlik yapılanmasının nasıl değiştiğini NATO ve Avrupa Birliği örnekleri ile ele almakta ve yeni güvenlik yapılanmasını belirleyen faktörleri detaylı olarak incelemektedir.
610 2 7 _aKuzey Atlantik Anlaşması Örgütü
_zAvrupa
_xAskeri politika
_2etuturkob
_971024
610 2 7 _aNorth Atlantic Treaty Organization
_zEurope
_xMilitary policy
_2etuesh
_971026
610 2 7 _aOrganization for Security and Co-operation in Europe
_xMilitary policy
_971028
651 7 _aTürkiye
_xAskeri ilişkiler
_zAvrupa
_2etuturkob
_971029
651 0 _aTurkey
_xMilitary relations
_zEurope
_971033
651 7 _aAvrupa
_xAskeri ilişkiler
_zTürkiye
_2etuturkob
_971030
651 0 _aEurope
_xMilitary relations
_zTurkey
_971034
651 7 _aAvrupa
_xAskeri ilişkiler
_zAmerika Birleşik Devletleri
_2etuturkob
_971031
651 0 _aEurope
_xMilitary relations
_zUnited States
_971035
651 7 _aAmerika Birleşik Devletleri
_xAskeri ilişkiler
_zAvrupa
_2etuturkob
_971032
651 0 _aUnited States
_xMilitary relations
_zEurope
_971036
651 0 _aAvrupa Birliği ülkeleri
_xAskeri politika
_940942
651 0 _aEuropean Union countries
_xMilitary policy
_940944
856 4 1 _uhttp://www.loc.gov/catdir/toc/fy10pdf01/2007460799.html
_3Table of contents only
856 1 _uhttp://tasamyayinlari.com/urun/71/avrupada-yeni-guvenlik-anlayislari-ve-turkiye
_3Publisher web page
942 _cBK
_2lcc